[Event "Ch Russia (club) (1 liga)"]
[Site "masterchessopen.com - Orel (Russia)"]
[Round "9"]
[White "Iljushin Alexei (RUS)"]
[Black "Maslenkov S (RUS)"]
[Result "1-0"]
[WhiteElo "2400"]
[BlackElo "2185"]

1.d4 Nf6 2.c4 c5 3.d5 e5 4.Nc3 d6 5.e4 Be7 6.Bd3 O-O 7.Nge2 Ne8 8.O-O Bg5 9.a3
Bxc1 10.Qxc1 Nd7 11.b4 g6 12.Bc2 Ng7 13.Ba4 Qe7 14.Nb1 b6 15.Bxd7 Qxd7 16.bxc5
bxc5 {#r} 1-0

[Event "It (open)"]
[Site "masterchessopen.com - Wiesbaden (Germany)"]
[Round "6"]
[White "Bach Matthias (GER)"]
[Black "Grabarczyk Miroslaw (POL)"]
[Result "0-1"]
[WhiteElo "2340"]
[BlackElo "2525"]

1.d4 Nf6 2.c4 c5 3.d5 e5 4.g3 d6 5.Bg2 g6 6.e4 Bg7 7.Ne2 O-O 8.O-O Nh5 9.Be3
f5 10.Nbc3 f4 11.g4 Nf6 12.Bd2 Bxg4 13.f3 Bc8 14.a3 g5 15.b4 Na6 16.Nb5 g4
17.Be1 gxf3 18.Bxf3 Ng4 19.Bf2 Rf6 20.Nc1 Rh6 21.h4 Rg6 22.Kh1 Ne3 23.Qe2 Qd7
{#R} 0-1

[Event "It (open) \"]
[Site "masterchessopen.com - Athens (Greece)"]
[Round "7"]
[White "Tegelidis Petros (GRE)"]
[Black "Trikaliotis Georgios (GRE)"]
[Result "0-1"]
[WhiteElo "2108"]
[BlackElo "2220"]

1.d4 Nf6 2.c4 c5 3.d5 e5 4.Nc3 d6 5.e4 Be7 6.g3 Nbd7 7.f4 h5 8.Nf3 exf4 9.gxf4
Ng4 10.h4 Bf6 11.Qc2 a6 12.Bd2 Rb8 13.a4 Nf8 14.Bd3 Ng6 15.Ng5 Bd4 16.Nd1 Qf6
17.f5 Qe5 18.Kf1 Nh2+ 19.Kg2 Nxh4+ 20.Kh3 N2f3 21.Nxf3 Nxf3 22.Bc1 g5 23.Be2
g4+ 24.Kg2 h4 {#R} 0-1

[Event "It (open)"]
[Site "masterchessopen.com - Candas (Spain)"]
[Round "0"]
[White "Calleja Quintana Jesus M (ESP)"]
[Black "Juan Roldan Jose Luis (ESP)"]
[Result "0-1"]
[WhiteElo "2117"]
[BlackElo "2304"]

1.d4 Nf6 2.c4 c5 3.d5 e5 4.Nc3 d6 5.e4 Be7 6.f3 O-O 7.Be3 Bd7 8.Bd3 Na6 9.Nge2
Nh5 10.Qd2 Bh4+ 11.g3 Be7 12.h4 Nb4 13.Bb1 Rb8 14.a3 Na6 15.Bg5 Nf6 16.g4 h6
17.Be3 Nh7 18.Bxh6 gxh6 19.Qxh6 Kh8 20.Ng3 Rg8 21.g5 Nc7 22.f4 Bg4 {#R} 0-1

[Event "Ch Catalunia (team)"]
[Site "masterchessopen.com - Catalunia (Spain)"]
[Round "8"]
[White "Martin Gonzalez Alejandro (ESP)"]
[Black "Granados Gomez Manuel (ESP)"]
[Result "0-1"]
[WhiteElo "2152"]
[BlackElo "2330"]

1.d4 Nf6 2.c4 c5 3.d5 e5 4.Nc3 d6 5.e4 Be7 6.Bd3 O-O 7.f4 exf4 8.Bxf4 Bg4
9.Nf3 Nh5 10.Be3 Nd7 11.O-O Ne5 12.Be2 Bxf3 13.gxf3 Bg5 14.f4 Bxf4 15.Rxf4
Qg5+ 16.Kh1 Nxf4 17.Qd2 Qg2# 0-1

[Event "Oberliga Northwest 1996/97"]
[Site "masterchessopen.com - Germany"]
[Round "0"]
[White "Kiese Matthias (GER)"]
[Black "Pape Joerg (GER)"]
[Result "1-0"]
[WhiteElo "2253"]
[BlackElo "2246"]

1.d4 Nf6 2.c4 c5 3.d5 e5 4.Nc3 d6 5.e4 Be7 6.Nge2 O-O 7.Ng3 Ne8 8.h4 Kh8 9.Nf5
Bf6 10.g4 g6 11.Nh6 Bxh4 12.Qf3 Qf6 13.Qe3 g5 14.Nf5 Bxf5 15.exf5 Qh6 16.Ne4
Nf6 17.Rxh4 Qxh4 18.Nxf6 h6 19.Bd2 Kg7 20.Nh5+ Kh8 21.Qe4 Nd7 22.Bd3 Rg8
23.Ke2 Nf6 24.Nxf6 {#r} 1-0

[Event "It (open)"]
[Site "masterchessopen.com - Benasque (Spain)"]
[Round "0"]
[White "Cosma Ioan (ROM)"]
[Black "Sarto Ramos Angel (ESP)"]
[Result "1-0"]
[WhiteElo "2475"]
[BlackElo "2029"]

1.d4 Nf6 2.c4 c5 3.d5 e5 4.Nc3 d6 5.e4 g6 6.g3 a6 7.a4 Bg7 8.Bg2 O-O 9.Nf3 Bg4
10.h3 Bxf3 11.Bxf3 Nbd7 12.g4 h6 13.Be3 Qa5 14.Bd2 Qb6 15.h4 Kh7 16.g5 Ng8
17.h5 Qd8 18.Bg4 hxg5 19.hxg6+ Kxg6 20.Bf5+ Kf6 21.Bxg5+ Kxg5 22.Qg4+ Kf6 {#r}
1-0

[Event "It (open) \"]
[Site "masterchessopen.com - Buenos Aires (Argentina)"]
[Round "1"]
[White "Huber Walter (ARG)"]
[Black "Pacheco Daniel (ARG)"]
[Result "0-1"]
[WhiteElo "1921"]
[BlackElo "2250"]

1.d4 Nf6 2.c4 c5 3.d5 e5 4.Nc3 d6 5.e4 Be7 6.Nf3 Nbd7 7.Be2 Nf8 8.b4 cxb4
9.Qa4+ N6d7 10.Qxb4 Nc5 11.Nd2 Bg4 12.Bxg4 Nd3+ {#R} 0-1

[Event "It (open)"]
[Site "masterchessopen.com - Oberwart (Austria)"]
[Round "1"]
[White "Hupfer Robert (AUT)"]
[Black "Zilberman Yaacov (ISR)"]
[Result "0-1"]
[WhiteElo "1868"]
[BlackElo "2520"]

1.d4 Nf6 2.c4 c5 3.d5 e5 4.Nc3 d6 5.e4 Be7 6.f4 exf4 7.Bxf4 O-O 8.Nf3 Re8
9.Bd3 Bg4 10.O-O Nbd7 11.Qd2 Bxf3 12.Rxf3 Ng4 13.Rg3 Nge5 14.Be2 a6 15.Rf1 Bh4
16.Bg5 Bxg5 17.Qxg5 Qxg5 18.Rxg5 Re7 19.b3 Kf8 20.Bg4 h6 21.Rxe5 Nxe5 22.Bh3
g6 23.Na4 Kg7 24.Nb6 Rd8 {#R} 0-1

[Event "It (open) (juniors)"]
[Site "masterchessopen.com - San Agustin (Spain)"]
[Round "4"]
[White "Kerek Csaba (HUN)"]
[Black "Gonzalez Francisco (PAR)"]
[Result "1-0"]
[WhiteElo "2365"]
[BlackElo "1845"]

1.d4 Nf6 2.c4 c5 3.d5 e5 4.Nc3 d6 5.e4 Be7 6.Bd3 O-O 7.h3 Nbd7 8.Be3 Ne8
9.Nge2 g6 10.g4 a6 11.Qd2 Ng7 12.Ng3 Nf6 13.f4 exf4 14.Bxf4 Re8 15.O-O-O Bf8
16.Bg5 Bd7 17.Rhf1 Be7 18.e5 Nxd5 19.Bxe7 Nxe7 20.exd6 Nc8 21.Nd5 Rf8 22.Nf6+
Kh8 23.Qh6 {#r} 1-0

[Event "It (open) \"]
[Site "masterchessopen.com - Slovakia"]
[Round "4"]
[White "Nahalka Jan (SVK)"]
[Black "Abel Peter (SVK)"]
[Result "0-1"]
[WhiteElo "1892"]
[BlackElo "2198"]

1.d4 Nf6 2.c4 c5 3.d5 e5 4.Nc3 d6 5.e4 Be7 6.Bd3 O-O 7.Nge2 Nh5 8.Be3 Bg5
9.Qd2 Bxe3 10.Qxe3 Qf6 11.O-O-O Na6 12.h3 Bd7 13.g3 Rae8 14.f4 Qh6 15.Qf3 f5
16.exf5 exf4 17.g4 Re3 18.g5 Qxg5 19.Qg4 Qh6 20.Rd2 f3 {#R} 0-1

[Event "It (open) \"]
[Site "masterchessopen.com - Kavala (Greece)"]
[Date "1998.08.12"]
[Round "2"]
[White "Graf Rena (GER)"]
[Black "Miladinovic Igor (SRB)"]
[Result "0-1"]
[WhiteElo "2200"]
[BlackElo "2555"]

1.d4 Nf6 2.c4 c5 3.d5 e5 4.Nc3 d6 5.e4 Be7 6.g3 Nbd7 7.Bg2 Nf8 8.Nge2 h5 9.Qd3
a6 10.Bd2 h4 11.f4 hxg3 12.hxg3 Rxh1+ 13.Bxh1 exf4 14.gxf4 Ng4 15.Qf3 Bh4+
16.Kd1 f5 17.Kc2 fxe4 18.Qxe4+ Kf7 19.Rg1 Nf2 20.Qe3 Bf5+ 21.Be4 Nxe4 22.Nxe4
Qe7 23.Nc3 Re8 24.Kd3 b5 {#R} 0-1

[Event "It (open)"]
[Site "masterchessopen.com - Catalunia (Spain)"]
[Round "0"]
[White "Sanchez Niubo Albert (ESP)"]
[Black "Carrey Abellan Enric (ESP)"]
[Result "1-0"]
[WhiteElo "1944"]
[BlackElo "1960"]

1.d4 Nf6 2.c4 c5 3.d5 e5 4.Nc3 d6 5.e4 Be7 6.Bd3 O-O 7.Nge2 Ne8 8.Ng3 Bg5
9.Bxg5 Qxg5 10.h4 Qe7 11.Nf5 Bxf5 12.exf5 Nf6 13.Be4 a6 14.g4 b5 15.g5 Nxe4
16.Nxe4 bxc4 17.f6 Qd8 18.fxg7 Kxg7 19.Qh5 Nd7 20.Rg1 Kh8 21.Ke2 f5 22.g6 {#r}
1-0

[Event "Cup France (mixed)"]
[Site "masterchessopen.com - Guingamp (France)"]
[Round "1"]
[White "Boillon Vincent (FRA)"]
[Black "Renault Fabien (FRA)"]
[Result "0-1"]
[WhiteElo "2118"]
[BlackElo "2198"]

1.d4 Nf6 2.c4 c5 3.d5 e5 4.Nc3 d6 5.g3 g6 6.Bg2 Bg7 7.Bg5 O-O 8.Qd2 Nbd7 9.e4
a6 10.Nge2 Rb8 11.a4 b6 12.O-O Qe8 13.Rac1 Nh5 14.Bh6 f5 15.Bxg7 Nxg7 16.f4
Qd8 17.b3 exf4 18.Nxf4 Ne5 19.Nd3 Nxd3 20.Qxd3 fxe4 21.Bxe4 Rb7 {#R} 0-1

[Event "Ch World (juniors) (under 14) (g)"]
[Site "masterchessopen.com - Oropesa (Spain)"]
[Round "3"]
[White "Rogule Agnija (LAT)"]
[Black "Kupczyk Edyta (POL)"]
[Result "1-0"]
[WhiteElo "2100"]
[BlackElo "2001"]

1.d4 Nf6 2.c4 c5 3.d5 e5 4.Bg5 d6 5.Nc3 Be7 6.Bxf6 Bxf6 7.e4 O-O 8.Bd3 Bg5
9.Qc2 g6 10.Nge2 a6 11.O-O Bh6 12.Kh1 f5 13.f3 Qg5 14.f4 Qh5 15.fxe5 dxe5
16.Ng3 Qh4 17.exf5 Bf4 18.Nce2 g5 19.Nxf4 gxf4 20.Ne2 {#r} 1-0

[Event "Memorial N.Aratovsky"]
[Site "masterchessopen.com - Saratov (Russia)"]
[Round "4"]
[White "Nachev Stanislav (RUS)"]
[Black "Iljushkin Evgeny"]
[Result "1-0"]
[WhiteElo "2333"]
[BlackElo "2405"]

1.d4 Nf6 2.c4 c5 3.d5 e5 4.Nc3 d6 5.e4 Be7 6.Bd3 O-O 7.h3 Ne8 8.Nf3 f5 9.exf5
Bxf5 10.Bxf5 Rxf5 11.Ne4 h6 12.g4 Rf8 13.g5 Qd7 14.Nh4 Bxg5 15.Bxg5 hxg5
16.Nxg5 Rf6 17.Qd3 Rh6 18.Nf5 Rh5 19.Rg1 Na6 20.O-O-O Nb4 21.Qf3 Nxa2+ 22.Kb1
Nb4 23.Ne6 Rh7 24.Nh6+ {#r} 1-0

[Event "Ch Poland (w)"]
[Site "masterchessopen.com - Wroclaw (Poland)"]
[Round "0"]
[White "Radziewicz Iweta (POL)"]
[Black "Dworakowska Joanna (POL)"]
[Result "1-0"]
[WhiteElo "2395"]
[BlackElo "2306"]

1.d4 Nf6 2.c4 c5 3.d5 e5 4.Nc3 d6 5.e4 Be7 6.Bd3 a6 7.Nge2 Nh5 8.Ng3 Nxg3
9.hxg3 Bg5 10.f4 exf4 11.gxf4 Bh4+ 12.Kf1 Bf6 13.Qe2 Nd7 14.Be3 g6 15.Kg1 Bg7
16.Rf1 Qe7 17.g4 b6 18.e5 dxe5 19.f5 Bb7 20.Ne4 gxf5 21.Rxf5 O-O-O 22.Rxf7
{#r} 1-0

[Event "It (open)"]
[Site "masterchessopen.com - Dieren (Netherlands)"]
[Round "2"]
[White "Verholt Gerard (NED)"]
[Black "Wilgenhof Otto (NED)"]
[Result "0-1"]
[WhiteElo "2117"]
[BlackElo "2262"]

1.d4 Nf6 2.c4 c5 3.d5 e5 4.Nc3 d6 5.e4 Be7 6.Be2 O-O 7.Nf3 Ne8 8.O-O g6 9.Bh6
Ng7 10.Qd2 f5 11.Bg5 f4 12.Bxe7 Qxe7 13.h3 Nd7 14.Nh2 Nf6 15.Ng4 Nxg4 16.hxg4
Qg5 17.f3 h5 18.Nb5 Ne8 19.b4 a6 20.Nxd6 Nxd6 21.bxc5 hxg4 {#R} 0-1

[Event "It (open)"]
[Site "masterchessopen.com - Essen (Germany)"]
[Round "4"]
[White "Kalka Arkadius Georg (GER)"]
[Black "Dewenter Ulf (GER)"]
[Result "1-0"]
[WhiteElo "2378"]
[BlackElo "2182"]

1.d4 Nf6 2.c4 c5 3.d5 e5 4.Nc3 d6 5.e4 Be7 6.h3 O-O 7.Nf3 Nbd7 8.Bd3 a6 9.g4
Rb8 10.Qe2 Ne8 11.Rg1 Nc7 12.a4 Re8 13.h4 Nf8 14.g5 Qd7 15.Be3 b6 16.Rg3 Ng6
17.Qd2 Bb7 18.h5 Nf4 19.Bxf4 exf4 20.Qxf4 b5 21.O-O-O {#r} 1-0

[Event "Bundesliga 1999/00 (w)"]
[Site "masterchessopen.com - Germany"]
[Round "8"]
[White "Goehler Antje (GER)"]
[Black "Paehtz Elisabeth (GER)"]
[Result "0-1"]
[WhiteElo "2151"]
[BlackElo "2343"]

1.d4 Nf6 2.c4 c5 3.d5 e5 4.Nc3 d6 5.e4 Be7 6.Be2 Nbd7 7.Be3 a6 8.g4 h6 9.Qd2
b5 10.f3 bxc4 11.Bxc4 Nh7 12.O-O-O Rb8 13.Nge2 Rb4 14.Bd3 Ng5 15.Rdf1 Nh3
16.f4 exf4 17.Nxf4 Nxf4 18.Bxf4 Bg5 19.h4 Bxf4 20.Qxf4 Ne5 21.Qd2 Rd4 {#R} 0-1

[Event "It (open)"]
[Site "masterchessopen.com - Kharkov (Ukraine)"]
[Round "7"]
[White "Kovalenko Sergey D (UKR)"]
[Black "Dubivka Georgy (UKR)"]
[Result "0-1"]
[WhiteElo "2211"]
[BlackElo "2186"]

1.d4 Nf6 2.c4 c5 3.d5 e5 4.Nc3 d6 5.e4 Be7 6.Be2 O-O 7.h3 Na6 8.Nf3 Nc7 9.a3
Nce8 10.Be3 g6 11.Qd2 Ng7 12.Bh6 Nfe8 13.h4 f5 14.h5 gxh5 15.exf5 Bxf5 16.Ng5
Bg6 17.Nce4 Nf6 18.Ng3 Ng4 19.Bxg4 hxg4 20.O-O-O Rf4 21.Ne6 Rxc4+ {#R} 0-1

[Event "Ch Australia (major)"]
[Site "masterchessopen.com - Mingara (Australia)"]
[Round "2"]
[White "Camer Angelito (AUS)"]
[Black "Myers John (AUS)"]
[Result "1-0"]
[WhiteElo "2060"]
[BlackElo "2084"]

1.d4 c5 2.d5 Nf6 3.c4 e5 4.Nc3 d6 5.e4 Be7 6.Be2 O-O 7.Nf3 Nbd7 8.h3 a6 9.a4
b6 10.O-O Rb8 11.Qd3 Ne8 12.Nh2 Bg5 13.Qg3 Bxc1 14.Raxc1 Ndf6 15.Qh4 Nc7 16.f4
exf4 17.Rxf4 Nd7 18.Qg3 Ne5 19.Rcf1 Bd7 20.Rf6 Kh8 21.Rxd6 Qe7 22.Rxd7 {#r}
1-0

[Event "It (open)"]
[Site "masterchessopen.com - Passau (Germany)"]
[Round "7"]
[White "Meduna Eduard (CZE)"]
[Black "Kuehn Manfred (GER)"]
[Result "1-0"]
[WhiteElo "2482"]
[BlackElo "2267"]

1.d4 Nf6 2.c4 c5 3.d5 e5 4.Nc3 d6 5.e4 Be7 6.Nf3 O-O 7.Be2 Nbd7 8.O-O Ne8 9.a3
Kh8 10.b4 b6 11.bxc5 Nxc5 12.a4 g6 13.a5 bxa5 14.Be3 Nb7 15.c5 Nxc5 16.Bxc5
dxc5 17.Nxe5 Bd6 18.Nc4 Qf6 19.Nb5 Bb8 20.d6 Qe6 21.Rxa5 Bd7 22.e5 Ng7 23.Nba3
{#r} 1-0

[Event "It (open)"]
[Site "masterchessopen.com - Patras (Greece)"]
[Round "7"]
[White "Bagaturov Giorgi (GEO)"]
[Black "Aftsoglou Ioannis (GRE)"]
[Result "1-0"]
[WhiteElo "2501"]
[BlackElo "2203"]

1.d4 Nf6 2.c4 c5 3.d5 e5 4.Nc3 d6 5.e4 Be7 6.Nf3 O-O 7.Be2 Ne8 8.O-O g6 9.Ne1
Bg5 10.Nd3 Bxc1 11.Qxc1 Qe7 12.b4 cxb4 13.Nxb4 Bd7 14.Nd3 Na6 15.Rb1 b6 16.Qa3
Nc5 17.Nxc5 dxc5 18.Rxb6 {#r} 1-0

[Event "It (open)"]
[Site "masterchessopen.com - St. Ingbert (Germany)"]
[Round "2"]
[White "Nikolic Stanimir (SRB)"]
[Black "Schaum Michael (GER)"]
[Result "1-0"]
[WhiteElo "2321"]
[BlackElo "2021"]

1.d4 Nf6 2.c4 c5 3.d5 e5 4.Nc3 d6 5.e4 Be7 6.Nge2 Nbd7 7.Ng3 O-O 8.Nf5 Ne8
9.Nxe7+ Qxe7 10.Bd3 a6 11.O-O b6 12.Qe2 Nc7 13.Bd2 Bb7 14.Nd1 Rfe8 15.Ne3 Qf8
16.Nf5 Rad8 17.Qg4 Nf6 18.Qh4 Nd7 19.Rae1 Bc8 20.Re3 {#r} 1-0

[Event "It (open)"]
[Site "masterchessopen.com - Bad Woerishofen (Germany)"]
[Round "4"]
[White "Simutowe Amon (ZAM)"]
[Black "Matzat Andre (GER)"]
[Result "1-0"]
[WhiteElo "2428"]
[BlackElo "2261"]

1.d4 Nf6 2.c4 c5 3.d5 e5 4.Nc3 d6 5.e4 Be7 6.f3 Nh5 7.g3 Bg5 8.f4 Nxf4 9.gxf4
Bh4+ 10.Kd2 exf4 11.Kc2 f5 12.Bxf4 fxe4 13.Bxd6 Qxd6 14.Qh5+ Qg6 15.Qxh4 O-O
16.Qg3 Bg4 17.Be2 Rf3 18.Nxf3 {#r} 1-0

[Event "It \"]
[Site "masterchessopen.com - Framingham (USA)"]
[Round "6"]
[White "Atalik Suat (BIH)"]
[Black "Schorr Leon (VEN)"]
[Result "1-0"]
[WhiteElo "2527"]
[BlackElo "2230"]

1.d4 Nf6 2.c4 c5 3.d5 e5 4.Nc3 d6 5.e4 g6 6.Be2 Bg7 7.h4 h6 8.h5 g5 9.g4 Na6
10.a3 Nc7 11.b4 b5 12.f3 Nh7 13.Rb1 O-O 14.Be3 Bd7 15.Nh3 Qc8 16.Nf2 Qa6
17.Rb3 Rfb8 18.O-O Qc8 19.Qd2 Bf6 20.Rfb1 Bd8 21.Qb2 a6 22.Nfd1 Nf8 23.cxb5
cxb4 24.bxa6 {#r} 1-0

[Event "Ch Hungary (team) 2000/01 (3 liga)"]
[Site "masterchessopen.com - Hungary"]
[Round "11"]
[White "Borsi Imre (HUN)"]
[Black "Fekete Albert (HUN)"]
[Result "0-1"]
[WhiteElo "2211"]
[BlackElo "2269"]

1.d4 Nf6 2.c4 c5 3.d5 e5 4.Bg5 d6 5.Nc3 Be7 6.e3 O-O 7.Qc2 Na6 8.a3 Nxd5
9.Nxd5 Bxg5 10.h4 Be7 11.O-O-O Nc7 12.Nxe7+ Qxe7 13.Nf3 f5 14.Be2 Kh8 15.Rd2
Be6 16.Ng5 Bg8 17.Qa4 a6 18.Qa5 b5 19.Rhd1 Rf6 20.cxb5 axb5 21.Qb6 d5 22.Qb7
Qd8 23.e4 d4 24.exf5 Bd5 {#R} 0-1

[Event "It (open)"]
[Site "masterchessopen.com - Polanica Zdroj (Poland)"]
[Round "1"]
[White "Anuszkiewicz Konrad (POL)"]
[Black "Bachorczyk Marcin (POL)"]
[Result "1-0"]
[WhiteElo "2235"]
[BlackElo "2044"]

1.d4 Nf6 2.c4 c5 3.d5 e5 4.Nc3 d6 5.e4 Be7 6.g3 O-O 7.Bg2 Ne8 8.Nge2 Nd7 9.O-O
Rb8 10.Qc2 a6 11.a4 b6 12.Bd2 Nc7 13.b3 h6 14.Nd1 b5 15.axb5 axb5 16.Ne3 b4
17.f4 exf4 18.gxf4 Bf6 19.Ra2 g6 20.Bc1 Ne8 {#r} 1-0

[Event "It (open)"]
[Site "masterchessopen.com - Polanica Zdroj (Poland)"]
[Round "5"]
[White "Stachowiak Kamil (POL)"]
[Black "Bachorczyk Marcin (POL)"]
[Result "1-0"]
[WhiteElo "2165"]
[BlackElo "2044"]

1.d4 Nf6 2.c4 c5 3.d5 e5 4.Nc3 d6 5.e4 Be7 6.Bd3 O-O 7.Nge2 Ne8 8.Ng3 Bg5
9.O-O g6 10.Bd2 Ng7 11.Qc1 Bxd2 12.Qxd2 f5 13.f4 exf4 14.Rxf4 g5 15.Rxf5 Bxf5
16.exf5 Nd7 17.Nce4 Ne5 18.Rf1 h6 19.f6 Ne8 20.Nh5 Kf7 {#r} 1-0

[Event "It (open)"]
[Site "masterchessopen.com - Wijk aan Zee (Netherlands)"]
[Round "1"]
[White "Cmilyte Viktorija (LTU)"]
[Black "Piket Joop J (NED)"]
[Result "1-0"]
[WhiteElo "2460"]
[BlackElo "2227"]

1.d4 Nf6 2.c4 c5 3.d5 e5 4.Nc3 d6 5.e4 Be7 6.Nge2 Nh5 7.Ng3 Nxg3 8.hxg3 a6
9.Be3 Bg5 10.f4 exf4 11.gxf4 Bh4+ 12.Kd2 Bf6 13.e5 dxe5 14.fxe5 Bxe5 15.Qh5
Bxc3+ 16.bxc3 Nd7 17.Re1 Kf8 18.Bd3 b6 19.Bh6 {#r} 1-0

[Event "Cup Nord-West"]
[Site "masterchessopen.com - Bad Zwischenahn (Germany)"]
[Round "2"]
[White "Markl Martin (GER)"]
[Black "Hank Holger (GER)"]
[Result "1-0"]
[WhiteElo "2222"]
[BlackElo "2047"]

1.d4 Nf6 2.c4 c5 3.d5 e5 4.Nc3 d6 5.e4 Be7 6.Bd3 O-O 7.Nge2 Nh5 8.Be3 Bg5
9.Qd2 Bxe3 10.Qxe3 a6 11.f3 g6 12.O-O-O f5 13.exf5 Bxf5 14.g4 Bxd3 15.gxh5 Bf5
16.Rdg1 Qh4 17.hxg6 hxg6 18.Ng3 Kf7 19.Nce4 Ke7 20.Nxf5+ gxf5 21.Rg7+ {#r} 1-0

[Event "Cup Doeberl"]
[Site "masterchessopen.com - Canberra (Australia)"]
[Round "2"]
[White "Reilly Tim (AUS)"]
[Black "Harp Joel (AUS)"]
[Result "1-0"]
[WhiteElo "2266"]
[BlackElo "2084"]

1.d4 Nf6 2.c4 c5 3.d5 e5 4.Nc3 d6 5.e4 Be7 6.Bd3 O-O 7.h3 Ne8 8.Nf3 Nd7 9.Qe2
g6 10.Bh6 Ng7 11.g4 Nf6 12.O-O-O Kh8 13.Rdg1 Ng8 14.Bd2 f5 15.gxf5 gxf5
16.exf5 Nxf5 17.Ne4 a6 18.Nfg5 Nf6 19.Nxf6 Bxf6 20.Nxh7 Rf7 21.Nxf6 Qxf6
22.Qh5+ {#r} 1-0

[Event "Ch Israel (team)"]
[Site "masterchessopen.com - Israel"]
[Round "1"]
[White "Zilberman Yaacov (ISR)"]
[Black "Grinshpun Eduard (RUS)"]
[Result "1-0"]
[WhiteElo "2473"]
[BlackElo "2353"]

1.d4 Nf6 2.c4 c5 3.d5 e5 4.Nc3 d6 5.e4 Be7 6.g3 O-O 7.Bg2 Ne8 8.Nge2 Bg5 9.f4
exf4 10.gxf4 Bh4+ 11.Ng3 f5 12.e5 dxe5 13.fxe5 f4 14.O-O fxg3 15.Rxf8+ Kxf8
16.hxg3 Be7 17.d6 Nxd6 18.exd6 Bf6 19.Be3 Nc6 20.Bxc5 Qa5 21.Ne4 Bf5 22.Qd5
Bd4+ 23.Kh2 {#r} 1-0

[Event "Ch Israel (team)"]
[Site "masterchessopen.com - Israel"]
[Round "2"]
[White "Zoler Dan (ISR)"]
[Black "Grinshpun Eduard (RUS)"]
[Result "1-0"]
[WhiteElo "2528"]
[BlackElo "2353"]

1.d4 Nf6 2.c4 c5 3.d5 e5 4.Nc3 d6 5.e4 Be7 6.g3 O-O 7.Bg2 Ne8 8.Nge2 Nd7 9.O-O
a6 10.a4 b6 11.f4 Rb8 12.Be3 g6 13.Rb1 f5 14.exf5 gxf5 15.Qc2 Ng7 16.b4 cxb4
17.Rxb4 a5 18.Rbb1 Nc5 19.Nb5 {#r} 1-0

[Event "Memorial Stepanov (open)"]
[Site "masterchessopen.com - Krasnodar (Russia)"]
[Round "1"]
[White "Litvishko M (RUS)"]
[Black "Maiorov Oleg (RUS)"]
[Result "0-1"]
[WhiteElo "2234"]
[BlackElo "2446"]

{ Maiorov Oleg (RUS) +4 =3 -2 } 1.d4 Nf6 2.c4 c5 3.d5 e5 4.Nc3 d6 5.e4 Be7
6.Bd3 Nbd7 7.Nge2 { ? = } ( 7.Nf3 Nf8 8.Qe2 Ng6 9.g3 a6 10.h4 Bg4 11.Qe3 O-O
12.Bd2 Nh5 13.Nh2 f5 14.exf5 Bxf5 15.Bxf5 Rxf5 16.O-O-O Nf6 { ...1-0,
Krasenkow Michal(2605) - Chabanon Jean-Luc(2461), Asti 1996 It (open) } )
7...h5 ( 7...Nf8 8.a3 Ng6 9.b4 b6 10.bxc5 bxc5 11.Rb1 O-O 12.O-O Nh5 13.Qa4 a6
14.Qc2 Bd7 15.Na4 Rb8 16.Rxb8 Qxb8 17.Bd2 { ...0-1, Rogozenko Dorian(2536) -
Seirawan Yasser(2644), Breda 2001 Ch Netherlands (team) 2001 (play-off) } ) (
7...a6 8.h3 h5 9.Be3 h4 10.Qd2 Ng8 11.a3 { 1/2-1/2, Ippolito Dean(2430) -
Shliperman Igor(2450), New York 1998 Ch USA (juniors) } ) ( 7...O-O 8.O-O Ne8
9.g3 a6 10.f4 Rb8 11.a4 b6 12.Be3 Nc7 13.Qd2 h6 14.Kg2 Nf6 15.h3 Bd7 16.Ng1
Nh7 17.Nf3 { ...0-1, Ftacnik Lubomir(2555) - Mokry Karel(2520), Prague 1986 Ch
Czechoslovakia } ) 8.Ng3 ( 8.f3 h4 9.Be3 Nf8 10.Qd2 Ng6 11.O-O-O Bd7 12.a3 a6
13.Kc2 Nh7 14.g3 Bg5 15.f4 Bf6 16.Rhg1 Kf8 17.Rdf1 Rb8 { ...1-0, Quinteros
Miguel A(2515) - Gheorghiu Florin(2605), Lone Pine 1980 It } ) 8...g6 ( 8...a6
9.Nf5 Bf8 10.h4 g6 11.Ne3 Bh6 12.a3 Kf8 13.g3 Ne8 14.b4 b6 15.Bd2 Kg7 16.Kf1
cxb4 17.axb4 a5 18.Kg2 { ...1/2-1/2, Bertok Mario(2430) - Petrosian Tigran
V(2640), Vinkovci 1970 It } ) 9.h3 { N } ( 9.f3 a6 10.Rb1 h4 11.Nge2 Nh5 12.g4
Ng7 13.Qd2 O-O 14.a3 Ne8 15.Qh6 Ndf6 16.Rg1 Nh7 17.g5 h3 18.Kd1 Ng7 {
...1/2-1/2, Vera Reynaldo(2538) - Comas Fabrego Luis(2510), Habana 1999
Memorial J.Capablanca (cat.12) } ) ( 9.Qc2 a6 10.Bd2 Kf8 11.a4 b6 12.a5 Rb8
13.O-O Kg7 14.Rfb1 h4 15.Nge2 Nh5 16.b4 bxa5 17.b5 Bg5 18.bxa6 Rxb1+ { ...0-1,
Oud Nicolas(2021) - Onat Ilhan(2355), Bad Wildbad 1993 Ch World (seniors) } )
( 9.Nf1 Kf8 10.g3 Kg7 11.Ne2 a6 12.a4 h4 13.Ne3 Nh5 14.Rg1 hxg3 15.hxg3 Ndf6
16.f3 Bd7 17.Bd2 Ne8 18.Bc3 Kg8 { ...1/2-1/2, Dickenson Neil F(2310) - Twyble
Michael(2205), England 1997 Ch England (team) 1996/97 } ) ( 9.O-O h4 10.Nge2
Nh5 11.Be3 g5 12.Bc2 Nf4 13.Ba4 Kf8 14.a3 Nb6 15.Bb3 Bd7 16.Nc1 Bf6 17.Nd3 Rc8
18.Rc1 Ke7 { ...1/2-1/2, Nordahl Helge(2256) - Hansen Torbjorn R(2259),
Gausdal 1999 Ch Norway } ) 9...h4 10.Nge2 { +0,56 CAP } 10...Nh5 11.Be3 Nf8
12.Qc2 a6 13.O-O-O { } ( 13.O-O { !? } 13...Bg5 14.Qd2 Nh7 15.Rfb1 { } )
13...Rb8 14.g4 hxg3 15.fxg3 Bd7 16.g4 Ng7 17.Rdf1 b5 18.Ng3 Bh4 19.Qf2 f6
20.Kb1 { } ( 20.Rhg1 { !? } 20...Qa5 21.a3 b4 22.axb4 { } ) 20...Qa5 21.Rhg1 {
? } ( 21.Bd2 { ! } 21...bxc4 22.Bxc4 Qb6 23.Nd1 { } ) 21...bxc4 22.Bxc4 Qxc3 {
} {#R} 0-1

[Event "It (open)"]
[Site "masterchessopen.com - Plancoet (France)"]
[Round "5"]
[White "Sebagh William (FRA)"]
[Black "Chaillot Alain (FRA)"]
[Result "0-1"]
[WhiteElo "1804"]
[BlackElo "2194"]

1.d4 Nf6 2.c4 c5 3.d5 e5 4.Nc3 d6 5.e4 Be7 6.Be2 O-O 7.Bg5 a6 8.f3 Nxd5 9.Bxe7
Nxe7 10.g4 Nbc6 11.h4 Nd4 12.Bd3 Ng6 13.h5 Nf4 14.Bf1 Bd7 15.Nh3 Qh4+ 16.Nf2
Qg3 17.Be2 Ng2+ 18.Kd2 Qf4+ {#R} 0-1